000 00733nam a2200289Ia 4500
005 20260324113017.0
008 008 260324s9999 xx 000 0 eng d
020 _a9781003498537
037 _aEBOOK
040 _aCRL
040 _beng
040 _cCRL
041 _2eng
041 _aeng
084 _qCRL
100 _aJonathan D. Farley; Jonathan M. Fisk; John C. Morris
_91145059
245 4 _aThe Drought Dilemma
245 0 _bStates, Innovation, and the Politics of Water Quantity
260 _bTaylor and Francis
260 _c2024
365 _a
365 _b83.99
856 _uhttp://www.taylorfrancis.com/books/9781003498537
942 _cEBOOK
999 _c1734478
_d1734478